000 00568nam a2200181Ia 4500
008 151202s9999||||xx |||||||||||||| ||und||
082 _bPNVM-56691
100 _aदिघे प्रभाकर.
245 _aसंन्यासी.
260 _b"नवचैतन्य प्रकाशन,बोरोवली."
260 _c0
300 _a440
600 _aदिघे प्रभाकर.
630 _aसंन्यासी.
700 _aदिघे प्रभाकर.
730 _aसंन्यासी.
942 _cBOOK
999 _c1323229
_d1323226